000 nam a22 4500
999 _c8861
_d8861
008 180315b ||||| |||| 00| 0 eng d
245 _aFB Messenger allows direct merchant sales.
260 _aPhilippines
_bManila Bulletin
_cc2016
300 _apage B-6.
650 0 _926837
_aElectronic discussion groups.
942 _2ddc
_cPER